La corrupción en México : (Registro nro. 21239)
[ vista simple ]
| 000 -LEADER | |
|---|---|
| fixed length control field | 01660cam a2200361 i 4500 |
| 001 - CONTROL NUMBER | |
| control field | 21239 |
| 003 - CONTROL NUMBER IDENTIFIER | |
| control field | Mx-PuUPA |
| 005 - DATE AND TIME OF LATEST TRANSACTION | |
| control field | 20250807115711.0 |
| 008 - FIXED-LENGTH DATA ELEMENTS--GENERAL INFORMATION | |
| fixed length control field | 140415s2015 mx ad gr 001 0 spa d |
| 020 ## - INTERNATIONAL STANDARD BOOK NUMBER | |
| International Standard Book Number | 9786070270116 |
| Qualifying information | rústica |
| 020 ## - INTERNATIONAL STANDARD BOOK NUMBER | |
| International Standard Book Number | 9786070269875 |
| Qualifying information | colección rústica |
| 040 ## - CATALOGING SOURCE | |
| Original cataloging agency | Mx-PuUPA |
| Language of cataloging | spa |
| Transcribing agency | Mx-PuUPA |
| Modifying agency | Mx-PuUPA |
| Description conventions | rda |
| 041 ## - LANGUAGE CODE | |
| Language code of text/sound track or separate title | spa |
| 100 1# - MAIN ENTRY--PERSONAL NAME | |
| Personal name | Marván Laborde, María, |
| 9 (RLIN) | 17320 |
| Relator term | autor |
| 245 13 - TITLE STATEMENT | |
| Title | La corrupción en México : |
| Remainder of title | percepción, prácticas y sentido ético / |
| Statement of responsibility, etc. | María Marván Laborde, Fabiola Navarro Luna, Eduardo Bohórquez López, Hugo Alejandro Concha Cantú |
| 246 13 - VARYING FORM OF TITLE | |
| Title proper/short title | La corrupción en México, percepción, prácticas y sentido ético : |
| Remainder of title | encuesta Nacional de Corrupción y Cultura de la Legalidad |
| 250 ## - EDITION STATEMENT | |
| Edition statement | Primera edición / |
| Remainder of edition statement | agosto |
| 264 #1 - PRODUCTION, PUBLICATION, DISTRIBUTION, MANUFACTURE, AND COPYRIGHT NOTICE | |
| Place of production, publication, distribution, manufacture | México, D.F. : |
| Name of producer, publisher, distributor, manufacturer | Universidad Nacional Autónoma de México, |
| Date of production, publication, distribution, manufacture, or copyright notice | 2015 |
| 300 ## - PHYSICAL DESCRIPTION | |
| Extent | 208 páginas : |
| Other physical details | ilustraciones, gráficas ; |
| Dimensions | 23 cm |
| 336 ## - CONTENT TYPE | |
| Fuente | rdacontent |
| Content type term | texto |
| Content type code | txt |
| 337 ## - MEDIA TYPE | |
| Source | rdamedia |
| Media type term | sin medio |
| Media type code | n |
| 338 ## - CARRIER TYPE | |
| Source | rdacarrier |
| Carrier type term | volumen |
| Carrier type code | nc |
| 490 0# - SERIES STATEMENT | |
| Series statement | Los mexicanos vistos por sí mismos. Los grandes temas nacionales ; |
| Volume/sequential designation | 24 |
| 650 #7 - SUBJECT ADDED ENTRY--TOPICAL TERM | |
| Source of heading or term | armarc |
| Topical term or geographic name entry element | Corrupción política |
| General subdivision | |
| Geographic subdivision | México |
| 650 #7 - SUBJECT ADDED ENTRY--TOPICAL TERM | |
| Source of heading or term | armarc |
| Topical term or geographic name entry element | Corrupción política |
| Geographic subdivision | México |
| General subdivision | Opinión publica |
| 651 #4 - SUBJECT ADDED ENTRY--GEOGRAPHIC NAME | |
| Geographic name | México |
| General subdivision | Condiciones sociales |
| Chronological subdivision | Siglo XXI |
| 700 1# - ADDED ENTRY--PERSONAL NAME | |
| Personal name | Navarro Luna, Fabiola, |
| Relator term | autor |
| 700 1# - ADDED ENTRY--PERSONAL NAME | |
| Personal name | Bohórquez López, Eduardo, |
| Relator term | autor |
| 700 1# - ADDED ENTRY--PERSONAL NAME | |
| Personal name | Concha Cantú, Hugo Alejandro, |
| Relator term | autor |
| 942 ## - ADDED ENTRY ELEMENTS (KOHA) | |
| Source of classification or shelving scheme | Dewey Decimal Classification |
| Koha item type | Libro |
| Classification part | 364.13230972 |
| Item part | M28 |
| Withdrawn status | Lost status | Source of classification or shelving scheme | Damaged status | Not for loan | Collection code | Home library | Current library | Shelving location | Date acquired | Source of acquisition | Cost, normal purchase price | Total Checkouts | Full call number | Barcode | Date last seen | Date last checked out | Cost, replacement price | Price effective from | Koha item type |
|---|---|---|---|---|---|---|---|---|---|---|---|---|---|---|---|---|---|---|---|
| Dewey Decimal Classification | General | Biblioteca Karol Wojtyla | Biblioteca Karol Wojtyla | Sala general | 03/12/2013 | Donación | 0.00 | 1 | 364.13230972 M28 2015 | 46779 | 08/04/2026 | 25/03/2026 | 0.00 | 03/12/2013 | Libro |